000 00466nam a2200181Ia 4500
005 20250423100837.0
008 250422s9999 xx 000 0 und d
020 _a978- 0- 9636577- 9- 4
050 _aHF 5429.5 .E4 H46/
100 _aHenson, Dusty
245 0 _aRugs to riches : the amazing story of El Paso saddleblanket company
260 _aTexas
260 _bTrego- Hill Pub.
260 _c2001
300 _a220 p
650 _aBusiness
942 _cBK
999 _c34510
_d34510